[Event "Tournoi n27356"]
[Site "www.echecsemail.com"]
[Date "2026.02.14"]
[Round "1"]
[White "Ficherre"]
[Black "Alain64"]
[WhiteElo "2050"]
[BlackElo "2080"]
[Result "1/2-1/2"]
1.e4 c5
2.c3 e5
3.d3 Nb8c6
4.f4 exf4
5.Bc1xf4 d6
6.Ng1f3 Ng8f6
7.Bf1e2 g6
8.Nb1d2 Bf8g7
9.d4 cxd4
10.cxd4 Nf6h5
11.Bf4e3 O-O
12.O-O a6
13.d5 Nc6a5
14.Ra1b1 b5
15.b4 Na5b7
16.Nf3d4 Nh5f6
17.Nd4c6 Qd8e8
18.Be3g5 Nf6xe4
19.Nc6e7 Kh8
20.Nd2xe4 f6
21.Bg5xf6 Bg7xf6
22.Ne4xf6 Qe8xe7
23.Qd1d4 Qe7e5
24.Qd4xe5 dxe5
25.Rb1c1 Bc8f5
26.Rc1c7 Rf8xf6
27.Rc7xb7 Ra8f8
28.d6 Rf6xd6
29.g4 Rd6d2
30.Be2xb5 axb5
31.gxf5 gxf5
32.Rf1f2 Rd2xf2
33.Kxf2 Rf8a8
34.Rb7xb5 Ra8xa2
35.Kf3 Ra2xh2
36.Rb5xe5 Rh2b2
37.b5 Kg7
38.Re5xf5 Kg6
39.Rf5c5 h5
{ nul }1/2-1/2

[Event "Coupe Niveau 2"]
[Site "www.echecsemail.com"]
[Date "2026.02.14"]
[Round "1"]
[White "Patau"]
[Black "Katastrofic"]
[WhiteElo "1710"]
[BlackElo "1350"]
[Result "1/2-1/2"]
1.e4 e5
2.Ng1f3 d6
3.d4 exd4
4.Qd1xd4 Nb8c6
5.Bf1b5 Bc8d7
6.Bb5xc6 Bd7xc6
7.O-O Qd8f6
8.Nb1c3 Qf6xd4
9.Nf3xd4 Bc6d7
10.Bc1g5 Bf8e7
11.f4 O-O-O
12.Nc3d5 Be7xg5
13.fxg5 c6
14.Nd5c3 c5
15.Nd4b5 Bd7xb5
16.Nc3xb5 a6
17.Nb5c3 f6
18.Ra1d1 fxg5
19.Rf1f7 Rd8d7
20.Rf7xd7 Kxd7
21.e5 Ng8e7
22.Rd1xd6 Kc7
23.Nc3d5 Ne7xd5
24.Rd6xd5 Kc6
25.c4 h6
26.Rd5d6 Kc7
27.Rd6d5 Kc6
28.Kf2 Rh8f8
29.Ke2 Rf8f4
30.b3 b5
31.Ke3 bxc4
32.bxc4 Rf4xc4
33.Rd5d6 Kc7
34.Rd6xa6 Kb7
35.Ra6g6 Rc4c2
36.Rg6xg7 Kc8
37.e6 Kd8
38.Rg7g6 Rc2xg2
39.Rg6xh6 Rg2xa2
40.Rh6g6 Ra2xh2
41.Rg6xg5 Ke7
42.Rg5xc5 Kxe6
{ nul }1/2-1/2

[Event "BERNARD MAS"]
[Site "www.echecsemail.com"]
[Date "2026.02.14"]
[Round "1"]
[White "Legrillon"]
[Black "Patau"]
[WhiteElo "1750"]
[BlackElo "1670"]
[Result "0-1"]
1.e4 Nb8c6
2.Ng1f3 d5
3.exd5 Qd8xd5
4.Nb1c3 Qd5a5
5.a3 Bc8g4
6.Bf1e2 e6
7.d4 O-O-O
8.b4 Qa5h5
9.h3 Bf8d6
10.Bc1e3 Ng8f6
11.Nc3b5 a6
12.Nb5xd6 Rd8xd6
13.Nf3h2 Bg4xe2
14.Qd1xe2 Nc6xd4
15.Qe2xh5 Nd4xc2
16.Ke2 Nf6xh5
17.Be3c5 Rd6d5
18.Nh2f3 Nh5f4
19.Kf1 Rh8d8
20.Kg1 Nc2xa1
21.Kh2 Rd5d1
22.Bc5e3 Rd1xh1
23.Kxh1 Rd8d1
24.Kh2 Nf4e2
25.h4 Na1c2
26.Be3c5 Nc2d4
27.Nf3g5 b6
28.Bc5f8 Nd4f5
29.Ng5xf7 Nf5xh4
30.Bf8xg7 Ne2d4
31.Nf7g5 Nh4f5
32.Bg7xd4 Rd1xd4
33.Ng5xe6 Rd4h4
34.Kg1 Rh4c4
35.Ne6g5 Rc4c1
36.Kh2 Rc1a1
37.Ng5xh7 Ra1xa3
38.Nh7f6 Ra3b3
39.Nf6d5 a5
40.bxa5 bxa5
41.g4 Nf5g7
42.Kg2 a4
43.Nd5e3 Rb3xe3
{ abandon }0-1

[Event "HACHURES"]
[Site "www.echecsemail.com"]
[Date "2026.02.14"]
[Round "1"]
[White "Katastrofic"]
[Black "Patau"]
[WhiteElo "1490"]
[BlackElo "1650"]
[Result "0-1"]
1.e4 e5
2.Ng1f3 Ng8f6
3.d4 Nf6xe4
4.Nf3xe5 d5
5.Nb1d2 Bf8d6
6.Nd2xe4 dxe4
7.Ne5c4 O-O
8.Bc1e3 Nb8c6
9.c3 Bc8f5
10.b4 Qd8d7
11.d5 Nc6e5
12.Nc4xd6 Qd7xd6
13.Be3f4 Ne5d3
14.Bf1xd3 exd3
15.Bf4xd6 Rf8e8
16.Kd2 cxd6
17.Rh1e1 Kf8
18.Re1xe8 Ra8xe8
{ abandon }0-1

[Event "Défi( 10J+24H/c 10J Max )"]
[Site "www.echecsemail.com"]
[Date "2026.02.14"]
[Round "1"]
[White "Tichaton"]
[Black "Chessgaston"]
[WhiteElo "1340"]
[BlackElo "2160"]
[Result "0-1"]
1.e4 c5
2.Ng1f3 Nb8c6
3.Bf1c4 e6
4.c3 d5
5.exd5 exd5
6.Bc4e2 Ng8f6
7.d4 c4
8.Nb1d2 Bf8d6
9.O-O O-O
10.Rf1e1 Bc8g4
11.h3 Bg4f5
12.b3 b5
13.a4 a6
14.Bc1b2 Ra8b8
15.Nf3h4 Bf5e4
16.axb5 axb5
17.Nd2xe4 Nf6xe4
18.Nh4f3 f5
19.Qd1c1 g5
20.Bb2a3 b4
21.Ba3b2 bxc3
22.Bb2xc3 Ne4xc3
23.Qc1xc3 Bd6b4
24.Qc3e3 Bb4xe1
25.Qe3e6 Kh8
26.Qe6xc6 Be1c3
27.Ra1b1 Rb8b6
28.Qc6c5 Bc3b4
29.Qc5xf8 Qd8xf8
30.Nf3e5 Qf8e7
31.Rb1a1 Bb4c3
32.Ra1a8 Kg7
33.Be2h5 Bc3xd4
34.Ne5f3 cxb3
35.Nf3xd4 Qe7e1
36.Kh2 Qe1e5
37.Kg1 Qe5xd4
38.Ra8a7 Kh6
39.Bh5f3 b2
40.g4 b1Q
{ abandon }0-1

[Event "Tournoi n27435"]
[Site "www.echecsemail.com"]
[Date "2026.02.14"]
[Round "1"]
[White "Legrillon"]
[Black "Tiounet"]
[WhiteElo "1750"]
[BlackElo "1630"]
[Result "0-1"]
1.e4 a6
2.d4 b5
3.c4 bxc4
4.Bf1xc4 e6
5.Nb1c3 g6
6.Ng1f3 Bf8g7
7.Bc1g5 Ng8e7
8.Qd1d2 O-O
9.Bg5h6 Rf8e8
10.Bh6xg7 Kxg7
11.Qd2f4 Bc8b7
12.O-O Nb8c6
13.d5 exd5
14.exd5 Nc6b4
15.Qf4e5 Kg8
16.Nc3e4 Ne7xd5
17.Qe5g3 Re8xe4
18.Nf3d2 Qd8h4
19.Nd2xe4 Qh4xe4
20.Bc4xd5 Bb7xd5
21.Rf1e1 Qe4c4
22.Re1c1 Qc4e2
23.Rc1xc7 Bd5c6
24.Ra1f1 Bc6b5
25.Rc7c1 Nb4d3
26.Rc1c3 Nd3e5
27.Rc3c1 Ne5d3
28.Rc1d1 Nd3xb2
29.Rd1e1 Qe2h5
30.Re1e5 Qh5h6
31.Rf1d1 Nb2xd1
32.h3 Qh6c1
33.Re5e1 Qc1d2
34.Qg3e5 Ra8c8
{ abandon }0-1

[Event "Tournoi n27456"]
[Site "www.echecsemail.com"]
[Date "2026.02.14"]
[Round "1"]
[White "Mokanne"]
[Black "Abelito"]
[WhiteElo "1430"]
[BlackElo "1530"]
[Result "1-0"]
1.e4 e5
2.Bf1c4 c6
3.Ng1f3 Qd8f6
4.d3 Bf8c5
5.Bc1e3 Bc5b4
6.c3 Bb4a5
7.Nf3g5 Ng8e7
8.Bc4xf7 Kd8
9.Bf7b3 h6
10.Ng5f3 g5
11.Be3d2 d5
12.c4 Ba5b6
13.O-O g4
14.Nf3e1 Nb8a6
15.Qd1e2 Na6c5
16.g3 d4
17.Bb3c2 h5
18.f3 Qf6e6
19.a3 Bc8d7
20.f4 Bd7e8
21.f5 Qe6c8
22.b4 Nc5a6
23.Bd2g5 Kd7
24.Bg5xe7 Kxe7
25.Rf1f2 Rh8f8
26.Ne1g2 c5
27.Nb1d2 Rf8f6
28.Ng2h4 Kd6
29.b5 Na6c7
30.Nd2b3 a5
31.h3 a4
32.hxg4 Rf6f8
33.gxh5 Rf8g8
34.f6 Rg8xg3
35.Rf2g2 Rg3e3
36.Qe2g4 Nc7e6
37.Ra1f1 Ne6f4
38.Qg4xc8 Ra8xc8
39.Nh4f5 Kc7
40.Nf5xe3 dxe3
41.Rg2g7 Kb8
42.f7 Nf4e6
43.Rg7g8 Ne6f8
44.fxe8Q Rc8xe8
45.Rg8xf8 { abandon }1-0

[Event "Coupe Niveau 4"]
[Site "www.echecsemail.com"]
[Date "2026.02.14"]
[Round "1"]
[White "Pessoa"]
[Black "Skalfa"]
[WhiteElo "2150"]
[BlackElo "1830"]
[Result "1-0"]
1.d4 d5
2.Ng1f3 h6
3.c4 c6
4.e3 Ng8f6
5.Nb1c3 e6
6.Bc1d2 b6
7.Qd1c2 Bf8e7
8.O-O-O Bc8a6
9.cxd5 cxd5
10.Bf1xa6 Nb8xa6
11.Qc2a4 Nf6d7
12.Qa4xa6 O-O
13.Qa6d3 Nd7f6
14.Nc3e2 Nf6e4
15.Rd1f1 Ra8c8
16.Kb1 Rc8c4
17.Ne2c3 Ne4xd2
18.Nf3xd2 Rc4c6
19.h4 Be7xh4
20.Nd2f3 Bh4f6
21.g4 Qd8e7
22.g5 Bf6xg5
23.Nf3xg5 Qe7xg5
24.Rf1g1 Qg5f6
25.f4 a5
26.Rg1g3 Kh8
27.Rh1g1 Rf8g8
28.Nc3d1 Rc6c4
29.Nd1f2 b5
30.Nf2g4 Qf6f5
31.Qd3xf5 exf5
32.Ng4xh6 g6
33.Nh6xf7 Kh7
34.Nf7e5 Rc4c7
35.Rg3h3 Kg7
36.Rg1xg6 Kf8
37.Rg6xg8 Kxg8
38.Rh3g3 Kf8
39.Rg3g5 { abandon }1-0

[Event "Tournoi n27403"]
[Site "www.echecsemail.com"]
[Date "2026.02.14"]
[Round "1"]
[White "Pitouwb"]
[Black "Voyageur"]
[WhiteElo "1570"]
[BlackElo "1630"]
[Result "1-0"]
1.e4 g6
2.Nb1c3 b6
3.Ng1f3 Bc8b7
4.d3 d6
5.Bc1g5 Bf8g7
6.Bf1e2 Ng8f6
7.Qd1c1 O-O
8.O-O Nb8d7
9.Bg5h6 Nf6g4
10.Bh6xg7 Kxg7
11.b3 c5
12.h3 Ng4f6
13.Qc1f4 Nf6h5
14.Qf4e3 Rf8e8
15.Nf3g5 Nh5f6
16.Qe3f3 Nd7e5
17.Qf3f4 Nf6h5
18.Be2xh5 f6
19.Ng5e6 { abandon }1-0

[Event "Tournoi n27455"]
[Site "www.echecsemail.com"]
[Date "2026.02.14"]
[Round "1"]
[White "Hermite"]
[Black "Mokanne"]
[WhiteElo "1510"]
[BlackElo "1410"]
[Result "0-1"]
1.e4 e5
2.Ng1f3 d6
3.d3 Bc8g4
4.Bf1e2 Bf8e7
5.Nb1d2 Nb8c6
6.h3 Bg4e6
7.c3 h6
8.d4 exd4
9.cxd4 Be6d7
10.O-O Be7f6
11.Nd2c4 g5
12.e5 Bf6e7
13.Rf1e1 Bd7f5
14.Be2d3 Bf5xd3
15.Qd1xd3 d5
16.Nc4e3 Qd8d7
17.Ne3g4 O-O-O
18.Bc1d2 Nc6b4
19.Qd3b3 Nb4c6
20.a3 f6
21.e6 Qd7e8
22.Qb3c2 Rd8d6
23.Bd2c3 Nc6d8
24.Bc3b4 Rd6c6
25.Qc2b3 Nd8xe6
26.Qb3xd5 Ne6f4
27.Nf3d2 Nf4xd5
28.Bb4c5 b6
29.Bc5xe7 Ng8xe7
30.Nd2e4 f5
31.Ne4f6 Nd5xf6
32.Ng4e5 Rc6d6
33.Ra1d1 Ne7d5
34.Ne5c4 Rd6e6
35.Re1f1 Rh8h7
36.b4 Rh7e7
37.Nc4e5 c5
38.Rd1c1 Qe8b5
39.bxc5 bxc5
40.Rc1xc5 Qb5xc5
41.dxc5 Re6xe5
42.Rf1c1 Re5e1
43.Rc1xe1 Re7xe1
{ abandon }0-1

[Event "Défi( 10J+24H/c 10J Max )"]
[Site "www.echecsemail.com"]
[Date "2026.02.14"]
[Round "1"]
[White "Blackbishop"]
[Black "Tunnellavage"]
[WhiteElo "1820"]
[BlackElo "1740"]
[Result "1-0"]
1.e4 e5
2.Ng1f3 Nb8c6
3.Bf1b5 Ng8f6
4.O-O d6
5.Rf1e1 Bf8e7
6.d4 exd4
7.Nf3xd4 Bc8d7
8.Nd4f3 h6
9.c3 a6
10.Bb5a4 b5
11.Ba4c2 Bd7g4
12.h3 Bg4h5
13.Bc1e3 Qd8d7
14.Nb1d2 O-O-O
15.Qd1b1 Bh5g6
16.Nf3h4 Bg6h7
17.Bc2d3 Nc6e5
18.Bd3c2 g5
19.Nh4f5 Bh7xf5
20.exf5 Nf6h5
21.a4 Nh5f4
22.Be3xf4 gxf4
23.a5 Be7g5
24.Qb1d1 f6
25.Nd2f3 c6
26.b4 Rh8e8
27.Ra1c1 Re8e7
28.Bc2d3 Rd8e8
29.c4 Ne5xf3
30.Qd1xf3 Re7xe1
31.Rc1xe1 Re8xe1
32.Kh2 Qd7e7
33.Qf3xc6 { abandon }1-0

[Event "Tournoi n27337"]
[Site "www.echecsemail.com"]
[Date "2026.02.14"]
[Round "1"]
[White "Smaug"]
[Black "Ziviol"]
[WhiteElo "1400"]
[BlackElo "1390"]
[Result "1-0"]
1.d4 d5
2.Bc1f4 Nb8c6
3.e3 Bc8f5
4.Ng1f3 h6
5.Bf1d3 e6
6.Nf3e5 Qd8e7
7.a3 g5
8.Bf4g3 a6
9.Nb1d2 O-O-O
10.Ne5xc6 Qe7d7
11.Nc6e5 Qd7e7
12.f4 f6
13.Ne5g6 Qe7g7
14.Ng6xh8 Qg7xh8
15.O-O Ng8e7
16.Nd2f3 g4
17.c3 Ne7c6
18.Nf3h4 Bf5xd3
19.Qd1xd3 f5
20.Nh4g6 Qh8g7
21.Ng6e5 Nc6a5
22.Bg3h4 b5
23.Bh4xd8 Kxd8
24.Ra1e1 Bf8d6
25.b4 Na5c4
26.Re1a1 Nc4b2
27.Qd3e2 Nb2c4
28.Ne5c6 Kc8
29.a4 Bd6f8
30.axb5 axb5
31.Nc6a7 Kd7
32.Na7xb5 h5
33.Ra1a7 Kc6
34.Nb5xc7 Kb6
35.Qe2a2 Kc6
36.Nc7xe6 Qg7f6
37.Ra7a6 Nc4b6
38.b5 Kxb5
39.Qa2a5 Kc4
40.Ra6xb6 Bf8e7
41.Qa5a4 Kd3
42.Ne6c5 Kxe3
43.Rb6xf6 Be7xf6
44.Qa4d1 Bf6h4
45.g3 Bh4f6
46.Qd1d3 1-0

[Event "Coupe Niveau 4"]
[Site "www.echecsemail.com"]
[Date "2026.02.14"]
[Round "1"]
[White "Djayphil"]
[Black "Sarcoidose59"]
[WhiteElo "2010"]
[BlackElo "2000"]
[Result "1/2-1/2"]
1.e4 e6
2.d4 d5
3.e5 c5
4.Ng1f3 Nb8c6
5.c3 Bf8e7
6.a3 Bc8d7
7.Bf1e2 cxd4
8.cxd4 Ra8c8
9.O-O f6
10.Nb1d2 Qd8b6
11.Qd1b3 Nc6xd4
12.Nf3xd4 Qb6xd4
13.Nd2f3 Qd4c5
14.Bc1e3 Qc5c2
15.Qb3d3 Qc2xd3
16.Be2xd3 a6
17.Rf1c1 Bd7c6
18.b4 Be7d8
19.b5 axb5
20.Bd3xb5 Kd7
21.Nf3d4 Ng8e7
22.Nd4xc6 Ne7xc6
23.Be3f4 f5
24.Rc1d1 h6
25.Bf4e3 g5
26.g3 Rh8g8
27.f4 gxf4
28.Be3xf4 h5
29.a4 h4
30.Kf2 Bd8b6
31.Kf3 hxg3
32.hxg3 Ke7
33.Bb5xc6 Rc8xc6
34.Rd1d3 Kd7
35.Ra1b1 Kc7
36.Rd3b3 Rg8b8
37.g4 fxg4
38.Kxg4 Bb6a5
39.Rb1h1 Rc6c4
40.Rh1h7 Kc6
41.Rh7e7 Rb8f8
42.Re7xe6 Kd7
43.Re6d6 Kc7
44.Rd6f6 Rf8g8
45.Kf5 Kc8
46.Rb3b5 Ba5d8
47.Rf6f7 Bd8c7
48.Rb5xd5 b6
49.Rd5b5 Rg8h8
50.Bf4g5 Rc4xa4
51.Bg5e3 Rh8h5
52.Be3g5 Rh5h8
{ nul }1/2-1/2

[Event "Tournoi n27432"]
[Site "www.echecsemail.com"]
[Date "2026.02.15"]
[Round "1"]
[White "Jajaf1959"]
[Black "Desaintfegor"]
[WhiteElo "1920"]
[BlackElo "1790"]
[Result "1-0"]
1.d4 d5
2.c4 c6
3.Nb1c3 Ng8f6
4.Bc1f4 Nb8d7
5.e3 g6
6.Ng1f3 Bf8g7
7.Bf1d3 O-O
8.O-O Rf8e8
9.Qd1c2 Nd7f8
10.Ra1d1 Bc8g4
11.Qc2e2 h6
12.h3 Bg4d7
13.c5 Nf6h7
14.Qe2c2 f5
15.Nf3e5 e6
16.b4 Nh7f6
17.f3 a6
18.g4 Nf6h7
19.Rd1d2 b5
20.Rd2g2 a5
21.a3 axb4
22.axb4 Ra8a3
23.gxf5 g5
24.Bf4g3 Bg7xe5
25.Bg3xe5 Nh7f6
26.fxe6 Bd7xe6
27.Be5d6 Be6xh3
28.Rg2h2 Bh3xf1
29.Bd3xf1 Kg7
30.Nc3e2 Ra3xe3
31.Qc2f5 Qd8d7
32.Ne2g3 Re3b3
33.Ng3h5 Nf6xh5
34.Bd6xf8 { abandon }1-0

[Event "Défi"]
[Site "www.echecsemail.com"]
[Date "2026.02.15"]
[Round "1"]
[White "Tinenfant"]
[Black "Khamis"]
[WhiteElo "1870"]
[BlackElo "1920"]
[Result "0-1"]
1.e4 c5
2.Ng1f3 d6
3.Nb1c3 Bc8g4
4.Bf1e2 Ng8f6
5.O-O Nb8c6
6.h3 Bg4h5
7.d4 cxd4
8.Nf3xd4 Bh5xe2
9.Nd4xe2 e6
10.Bc1e3 Bf8e7
11.Qd1d2 O-O
12.Ra1d1 a6
13.a3 Qd8a5
14.Ne2d4 Nc6e5
15.Qd2e2 Ra8c8
16.f4 Ne5c6
 { temps }0-1

[Event "Défi"]
[Site "www.echecsemail.com"]
[Date "2026.02.15"]
[Round "1"]
[White "Kaspy"]
[Black "Superman"]
[WhiteElo "1840"]
[BlackElo "1800"]
[Result "0-1"]
1.e4 d5
2.exd5 Qd8xd5
3.d4 c6
4.Nb1c3 Qd5a5
5.Bc1d2 Qa5c7
6.h3 Ng8f6
7.Ng1f3 Bc8f5
8.Bf1c4 e6
9.a3 Bf8d6
10.O-O Nb8d7
11.Rf1e1 O-O
12.Nc3e2 Ra8d8
13.Qd1c1 Nd7b6
14.Bc4a2 Nf6e4
15.Bd2e3 h6
16.Ne2f4 g5
17.Nf4e2 Nb6d5
18.c3 b5
19.b3 a5
20.c4 bxc4
 { temps }0-1

[Event "Défi"]
[Site "www.echecsemail.com"]
[Date "2026.02.15"]
[Round "1"]
[White "Arno"]
[Black "Kaspy"]
[WhiteElo "1770"]
[BlackElo "1850"]
[Result "1-0"]
1.d4 d5
2.Bc1f4 Nb8c6
3.Ng1f3 a6
4.e3 Ng8f6
5.Bf1d3 Nf6e4
6.Nb1d2 Ne4xd2
7.Qd1xd2 Bc8g4
8.Nf3e5 Bg4d7
9.c3 e6
10.O-O f6
11.Ne5xc6 Bd7xc6
12.f3 Bf8d6
13.e4 dxe4
14.Bd3xe4 Bc6xe4
15.fxe4 Bd6xf4
16.Qd2xf4 O-O
17.Rf1f3 c6
18.Ra1f1 Qd8b6
19.Rf1f2 Ra8d8
20.Qf4g4 e5
21.Rf3xf6  { temps }1-0

[Event "Défi"]
[Site "www.echecsemail.com"]
[Date "2026.02.15"]
[Round "1"]
[White "Chomi64"]
[Black "Kaspy"]
[WhiteElo "1900"]
[BlackElo "1870"]
[Result "1-0"]
1.e4 e5
2.Ng1f3 Nb8c6
3.Bf1c4 h6
4.a3 Ng8f6
5.Nb1c3 a6
6.d3 Bf8c5
7.O-O d6
8.h3 O-O
9.Nc3e2 Bc8e6
10.c3 Bc5a7
11.Bc1e3 Ba7xe3
12.fxe3 Be6xc4
13.dxc4 Nf6xe4
14.Qd1c2 Ne4g5
15.Ne2g3 Ng5xf3
16.Rf1xf3  { temps }1-0

[Event "Défi( 10J+24H/c 10J Max )"]
[Site "www.echecsemail.com"]
[Date "2026.02.15"]
[Round "1"]
[White "Minon"]
[Black "Poison"]
[WhiteElo "1910"]
[BlackElo "1080"]
[Result "1-0"]
1.e4 e5
2.Ng1f3 Ng8f6
3.Nb1c3 Bf8b4
4.Nf3xe5 Bb4xc3
5.dxc3 Nf6xe4
6.Qd1e2 Qd8e7
7.Qe2xe4 d6
8.f4 dxe5
9.Qe4xe5 Qe7xe5
10.fxe5 Bc8e6
11.Bf1d3 Nb8c6
12.Bc1f4 Nc6a5
13.b4 Na5c6
14.O-O Be6c4
15.Bd3xc4 f6
16.exf6 gxf6
17.Rf1e1 Nc6e7
18.Re1e6 Kf7
19.Re6c6 Kg7
20.Rc6xc7 b6
21.Rc7xe7 Kg6
22.Ra1e1 Ra8c8
23.Bc4d3 f5
24.Re7c7 Rc8xc7
25.Bf4xc7 b5
26.Re1f1 Rh8c8
27.Bd3xf5 Kf6
28.Bf5xc8 Kg6
29.Bc8f5 Kf6
30.Bf5xh7 Kg5
31.Rf1f5 Kg4
32.h3 Kh4
33.Bc7d8 Kg3
34.Rf5f3 1-0